000 00362nam a2200133Ia 4500
008 100328s9999 xx 000 0 und d
082 _b27088
100 _aमेटकरी रघुराज रा.
245 _aरानजाई
260 _bदिलीपराज.
630 _aरानजाई
730 _aरानजाई
942 _cBOOK
999 _c519166
_d519163